| 000 | 00627 a2200265 4500 | ||
|---|---|---|---|
| 260 | _aParis | ||
| 630 | _a62 - Ingenierie. Art de lingenieur. Technologie en general | ||
| 037 | _b1, WVSC | ||
| 650 | _a6 - SCIENCES APPLIQUEES | ||
| 100 | _aTisal, Joachim | ||
| 260 | _bDunod | ||
| 245 | _aLe réseau GSM : l'évolution GPRS : une étape vers UMTS | ||
| 300 | _a179 p. | ||
| 650 | _aTélécommunication | ||
| 650 | _aGSM | ||
| 260 | _c1999 | ||
| 300 | _b25 cm | ||
| 100 | _lFr | ||
| 037 | _aDE 9814 | ||
| 440 | _aInformatique | ||
| 250 | _a3e éd. | ||
| 020 | _a2-10-004509-1 | ||
| 999 |
_c43246 _d43246 |
||